Biblioteca

Goodnight moon (Registro nro. 47865)

Detalles MARC
000 -LÍDER
Campo fijo de descripción fija 00908nam a2200241 i 4500
001 - NÚMERO DE CONTROL
Campo de control BINCO
003 - IDENTIFICADOR DEL NÚMERO DE CONTROL
Campo de control CO-MdBIC
005 - FECHA Y HORA DE LA ULTIMA TRANSACCIÓN
control field 20200316152752.0
008 - ELEMENTOS DE LONGITUD FIJA -- INFORMACIÓN GENERAL
Campo fijo de descripción fija -- Información general 180924t1947 us a||ab |||| 00| j eng d
020 ## - NÚMERO INTERNACIONAL NORMALIZADO PARA LIBROS
Número Internacional Normalizado del libro 0-06-443017-0
040 ## - FUENTE DE CATALOGACIÓN
Agencia que realiza la transcripción CO-MdBIC
Agencia de catalogación original CO-MdBIC
Idioma de catalogación eng.
Agencia que realiza la modificación CO-MdBIC
041 ## - CÓDIGO DE IDIOMA
Código de idioma para texto/pista de sonido o título separado eng
082 04 - NÚMERO DE CLASIFICACIÓN DECIMAL DEWEY
Número de clasificación 813A
Número de la edición del Dewey 22
Clave de autor-Numero de item W75gm
100 1# - ASIENTO PRINCIPAL--NOMBRE PERSONAL
Nombre personal Brown, Margaret Wise
Título de una obra Goodnigth Moon
245 10 - TÍTULO
Título del Material Goodnight moon
Mención de responsabilidad, etc. / Margaret Wisw Browm ; Harper Trophy ; Clement Hurd
Fechas incluidas 1947
260 ## - PUBLICACIÓN, DISTRIBUCIÓN, ETC. (PIE DE IMPRENTA)
Lugar de publicación, distribución, etc. U.S.A. :
Nombre del editor, distribuidor, etc. Harper Trophy Book :
Fecha de publicación, distribución, etc. ©1947
300 ## - DESCRIPCIÓN FÍSICA
Extensión [32 páginas] :
Otros detalles físicos Ilustraciones a color :
Dimensiones 20 cm.
505 ## - NOTA DE CONTENIDO
Nota de contenido con formato preestablecido La historia cuenta sobre un conejito que le da las buenas noches a cada uno de los objetos, naturaleza y personas que se encuentra a la vista hasta quedarse dormido.
650 14 - ASIENTO SECUNDARIO DE MATERIA - TERMINO TEMÁTICO
Término temático o nombre geográfico como elemento de entrada Literatura Infantil
700 ## - ASIENTO SECUNDARIO - NOMBRE PERSONAL
Nombre personal Wise Brown, Margaret
Responsabilidad Escritora
700 ## - ASIENTO SECUNDARIO - NOMBRE PERSONAL
Nombre personal Clement Hurd
Responsabilidad Ilustrador
942 ## - TIPO DE MATERIAL (KOHA)
Tipo de Item KOHA Z- Libro General BINCO
Existencias
Estado de Material Estado de Perdido Forma de Clasificación Estado de Dañado No para Préstamo Colección Tomo Biblioteca de Origen Biblioteca Permanente Ubicación en Estantería Fecha de Adquisición Total de Préstamos Signatura Topográfica Código de Barras Última vez visto Ejemplar/Existencia Costo, Precio de Remplazo Fecha de Remplazo Tipo de Material
    Dewey Decimal Classification     Colección Junior   Biblioteca Infantil Comunitaria BINCO Biblioteca Infantil Comunitaria BINCO Inglés 27/03/2006   813A W75gm B30024 24/11/2016 1 45.00 26/01/2016 Z- Libro General BINCO

Biblioteca FUSBC | Teléfono: (57+4) 349 88 10 Ext. 141| WhatsApp (+57) 3005338115 
E-mail: biblioteca@unisbc.edu.co | Calle 76 87-14 Robledo Palenque, Medellín, Colombia

Con tecnología Koha